000 01317nam a22003257a 4500
003 CHAP
005 20220329141005.0
008 971013s1994 r 00010 d
010 _a60996
011 _a61968
035 _a66140
040 _cCHAP
090 _aFolleto 14702 v.3
100 0 0 _aUribe Jasso y Avendaño, Salvador.
_9116936
245 _aGuía para cultivar jitomate en invernadero
260 _aMetepec, Méx. :
_bInstituto de Investigación y Capacitación Agropecuaria Acuícola y Forestal del Estado de México,
_c1994
300 _aHoja desplegable
490 _aInstituto de Investigación y Capacitación Agropecuaria Acuícola y Forestal del Estado de México. Desplegable
_v; 3
590 _aBATCH-UPD
_b10
_c20130110
_lUCH01
_h0704
590 _aBATCH-UPD
_b10
_c20130410
_lUCH01
_h0349
590 _aBATCH-UPD
_b10
_c20130914
_lUCH01
_h1129
590 _aCONVERSION
_b10
_c20130109
_lUCH01
_h1333
650 1 4 _aCultivos en invernadero.
_930376
650 1 4 _aTomate.
_9113672
830 0 _aInstituto de Investigación y Capacitación Agropecuaria Acuícola y Forestal del Estado de México. Desplegable
_v; 3
_959156
901 _aBK
942 _cFOLL
949 _aFolleto 14702 v.3
_bBC
_cFOLL
_d-151262
_eTS1
_i66140
_si
949 _aFolleto 14702 v.3
_bBC
_cFOLL
_d-151263
_eTS2
_fc.2
_i66140
_si
999 _c60996
_d60996